Statistics for The Ten Commandments Quiz

Click here to take the quiz!

General Stats

  • This quiz has been taken 43,658 times
    (43,636 since last reset)
  • The average score is 8 of 10

Answer Stats

# Commandment % Correct
1Thou shalt have no other {gods} before me
95%
3Thou shalt not take the name of the Lord thy God in {vain}
93%
6Thou shalt not {kill}
93%
7Thou shalt not commit {adultery}
91%
8Thou shalt not {steal}
86%
4Remember the {Sabbath} day, to keep it holy
82%
5{Honor} thy father and mother ...
82%
9Thou shalt not bear false {witness} ...
82%
10Thou shalt not {covet} ...
51%
2Thou shalt not make unto thee any {graven} image ...
43%

Score Distribution

Percentile by Number Answered

Percent of People with Each Score

Your Score History

You have not taken this quiz since the last reset